Giáo trình bệnh học trẻ em Dùng cho sinh viên ngành sư phạm mầm non

Giới thiệu những vấn đề đại cương về bệnh trẻ em, các bệnh thường gặp, bệnh chuyên khoa và bệnh truyền nhiễm ở trẻ. Tìm hiểu về thuốc, cách sử dụng thuốc cho trẻ em, phòng và xử trí ban đầu một số bệnh thường gặp cũng như giáo dục phòng bệnh và đảm bảo an toàn cho trẻ mầm non...

Full description

Saved in:
Bibliographic Details
Main Author: Lê Thị Mai Hoa
Format: Book
Language:Vietnamese
Published: H. Đại học Sư phạm 2016
Edition:In lần thứ 10
Subjects:
Tags: Add Tag
No Tags, Be the first to tag this record!
Institutions: Mạng thư viện Đại học Đà Nẵng
LEADER 01550nam a2200337 4500
001 000025375
003 21868
005 20171005161005.0
008 171005s2016 viesd
020 |a 978-604-54-3072-9  |c 42000đ 
041 0 |a vie 
082 1 4 |a 618.92  |b LÊ=H 
100 1 |a Lê Thị Mai Hoa 
245 1 0 |a Giáo trình bệnh học trẻ em  |b Dùng cho sinh viên ngành sư phạm mầm non  |c Lê Thị Mai Hoa 
250 |a In lần thứ 10 
260 |a H.  |b Đại học Sư phạm  |c 2016 
300 |a 166 tr.  |b hình vẽ, bảng  |c 24 cm. 
504 |a Thư mục: tr. 166 
520 3 |a Giới thiệu những vấn đề đại cương về bệnh trẻ em, các bệnh thường gặp, bệnh chuyên khoa và bệnh truyền nhiễm ở trẻ. Tìm hiểu về thuốc, cách sử dụng thuốc cho trẻ em, phòng và xử trí ban đầu một số bệnh thường gặp cũng như giáo dục phòng bệnh và đảm bảo an toàn cho trẻ mầm non 
650 0 4 |a Bệnh học trẻ em  |v Giáo trình  |x Giáo dục mầm non 
653 |a Giáo dục mầm non 
OWN |a LSP 
AVA |a UDN50  |b LSP  |d 618.92 LÊ=H  |e check_holdings  |t Error 5003 Not defined in file expand_doc_bib_avail.  |h N  |k 1 
999 |a From the UDN01 
AVA |a UDN50  |b LSP  |d 618.92 LÊ=H  |e available  |t Error 5001 Not defined in file expand_doc_bib_avail.  |f 30  |g 0  |h N  |i 3  |k 1 
TYP |a Monograph 
TYP |a Printed language 
980 |a Mạng thư viện Đại học Đà Nẵng